Counselling skills for nurses, midwives and health visitors / (Record no. 208)

MARC details
000 -LEADER
fixed length control field 00635nam a22001937a 4500
003 - CONTROL NUMBER IDENTIFIER
control field OSt
005 - DATE AND TIME OF LATEST TRANSACTION
control field 20210211171711.0
008 - FIXED-LENGTH DATA ELEMENTS--GENERAL INFORMATION
fixed length control field 210211b ||||| |||| 00| 0 eng d
020 ## - INTERNATIONAL STANDARD BOOK NUMBER
International Standard Book Number 0335207812
020 ## - INTERNATIONAL STANDARD BOOK NUMBER
International Standard Book Number 0335207820
040 ## - CATALOGING SOURCE
Original cataloging agency PHNSL
Transcribing agency PHNSL
100 ## - MAIN ENTRY--PERSONAL NAME
Personal name Freshwater, Dawn
245 ## - TITLE STATEMENT
Title Counselling skills for nurses, midwives and health visitors /
Statement of responsibility, etc. Dawn Freshwater.
260 ## - PUBLICATION, DISTRIBUTION, ETC.
Place of publication, distribution, etc. Berkshire, United Kingdom :
Name of publisher, distributor, etc. Open University Press,
Date of publication, distribution, etc. 2003.
300 ## - PHYSICAL DESCRIPTION
Extent xii, 121 p. :
Other physical details ill.
650 ## - SUBJECT ADDED ENTRY--TOPICAL TERM
Topical term or geographic name entry element Counselling
Form subdivision Counselling nurses and midwives
General subdivision Counselling health workers
650 ## - SUBJECT ADDED ENTRY--TOPICAL TERM
Topical term or geographic name entry element Nursing
Form subdivision Midwives
General subdivision Health workers
942 ## - ADDED ENTRY ELEMENTS (KOHA)
Source of classification or shelving scheme Library of Congress Classification
Koha item type Books
Holdings
Withdrawn status Lost status Source of classification or shelving scheme Damaged status Not for loan Home library Current library Shelving location Date acquired Full call number Barcode Date last seen Copy number Price effective from Koha item type Public note
    Library of Congress Classification     Public Health Nurses School Public Health Nurses School General Stacks 02/11/2021 RT42.F89 00040 02/11/2021 c.1 02/11/2021 Books kd 11/02/21
    Library of Congress Classification     Public Health Nurses School Public Health Nurses School General Stacks 02/11/2021 RT42.F89 00041 02/11/2021 c.2 02/11/2021 Books kd 11/02/21
Copyright © 2025 PHNS Library. All Rights Reserved.